| 000 | 00829nam a2200313Ia 4500 | ||
|---|---|---|---|
| 008 | 160803s9999 xx 000 0 und d | ||
| 020 | _a978-0590554107 | ||
| 100 | _aPierce, Tamora | ||
| 245 | _aDaja's book / | ||
| 245 | _cby Tamora Pierce. | ||
| 260 | _aNew York : | ||
| 260 | _bScholastic Inc. | ||
| 260 | _c1998 | ||
| 300 | _a232 pages : | ||
| 300 | _bmap ; | ||
| 300 | _c18 cm. | ||
| 500 | _aSequel to: Tris's book. | ||
| 650 | _aKisubo, Daja (Fictitious character) -- | ||
| 650 | _aMagic -- | ||
| 650 | _aMoss, Briar (Fictitious character) -- | ||
| 650 | _aSandry (Fictitious character : Pierce) -- | ||
| 650 | _aTris (Fictitious character : Pierce) -- | ||
| 650 | _xFiction. | ||
| 650 | _xFiction. | ||
| 650 | _xFiction. | ||
| 650 | _xFiction. | ||
| 650 | _xFiction. | ||
| 700 | _a810 | ||
| 999 |
_c298503 _d298503 |
||